Intellectual property law / (Record no. 181622)

MARC details
000 -LEADER
fixed length control field 00732nam a2200217 4500
001 - CONTROL NUMBER
control field vtls001931560
003 - CONTROL NUMBER IDENTIFIER
control field MY-SjTCS
005 - DATE AND TIME OF LATEST TRANSACTION
control field 20200226121351.0
008 - FIXED-LENGTH DATA ELEMENTS--GENERAL INFORMATION
fixed length control field 110218t1996 enk 001 eng
020 ## - INTERNATIONAL STANDARD BOOK NUMBER
International Standard Book Number 0421554207
039 #9 - LEVEL OF BIBLIOGRAPHIC CONTROL AND CODING DETAIL [OBSOLETE]
Level of rules in bibliographic description 201909131620
Level of effort used to assign nonsubject heading access points ummi
Level of effort used to assign subject headings 201102181344
Level of effort used to assign classification VLOAD
Level of effort used to assign subject headings 200603021131
Level of effort used to assign classification mas
-- 200407271917
-- VLOAD
082 04 - DEWEY DECIMAL CLASSIFICATION NUMBER
Classification number 346.41048
Item number MAR
100 1# - MAIN ENTRY--PERSONAL NAME
Personal name Marett, Paul.
9 (RLIN) 11559
245 10 - TITLE STATEMENT
Title Intellectual property law /
Statement of responsibility, etc. by Paul Marett
260 ## - PUBLICATION, DISTRIBUTION, ETC.
Place of publication, distribution, etc. London :
Name of publisher, distributor, etc. Sweet & Maxwell,
Date of publication, distribution, etc. 1996.
300 ## - PHYSICAL DESCRIPTION
Extent xxx, 249 p. ;
Dimensions 22 cm.
440 ## - SERIES STATEMENT/ADDED ENTRY--TITLE
Title Concise course texts
9 (RLIN) 103956
504 ## - BIBLIOGRAPHY, ETC. NOTE
Bibliography, etc. note Includes bibliographical references (p. vii) and index.
650 #0 - SUBJECT ADDED ENTRY--TOPICAL TERM
Topical term or geographic name entry element Intellectual property
Geographic subdivision Great Britain.
9 (RLIN) 10382
920 ## - Programme
Programme AUDP : 55473
Holdings
Withdrawn status Lost status Source of classification or shelving scheme Damaged status Not for loan Home library Current library Date acquired Total Checkouts Barcode Date last seen Date last checked out Copy number Uniform Resource Identifier Koha item type Public note
    Dewey Decimal Classification     Taylor's Library-TU Taylor's Library-TU 27/07/2004 24 5000015387 23/05/2024 08/05/2024 1 Floor 3, Shelf 8 , Side 2, TierNo 1, BayNo 4 Main Collection TBSxx,18002,03,GR